00518nam a2200145 a 450000100100000000500170001000800410002704000250006808200170009310000430011024500750015326000540022830000270028250000630030900004288120201002040453.0140212s2013 dr a 000 0 spa d aDO-SdBNPbspacBNPHU axxxxxbxxxxx1 aGalán Santana, Junior Rafael,d1980-13aEl libro supremo de la numerología /cJunior Rafael Galán Santana. aSantiago, República Dominicana :bs. n.,c2013. a26 p. :bil. ;c21 cm. aIncluye datos biográficos del autor en la contracubierta